A Plan of Lowlayton Sugar Plantations in the Parish of Saint George, Jamaica, surveyed at request of Joseph Green Esquire Attorney to the proprietor Alexander Donaldson Esquire A. D. 1806 (Record no. 116845)

MARC details
000 -LEADER
fixed length control field 00837ctm a22002175a 4500
001 - CONTROL NUMBER
control field L140353
008 - FIXED-LENGTH DATA ELEMENTS--GENERAL INFORMATION
fixed length control field 070919s1806 jm a 0 eeng u
035 ## - SYSTEM CONTROL NUMBER
System control number (Sirsi) u140353
041 0# - LANGUAGE CODE
Language code of text/sound track or separate title eng
100 1# - MAIN ENTRY--PERSONAL NAME
Personal name Stevenson, Alexander
245 02 - TITLE STATEMENT
Title A Plan of Lowlayton Sugar Plantations in the Parish of Saint George, Jamaica, surveyed at request of Joseph Green Esquire Attorney to the proprietor Alexander Donaldson Esquire A. D. 1806
Medium [cartographic material]
255 ## - CARTOGRAPHIC MATHEMATICAL DATA
Statement of scale Scale 1:7920
260 ## - PUBLICATION, DISTRIBUTION, ETC.
Date of publication, distribution, etc. 1806
300 ## - PHYSICAL DESCRIPTION
Extent 1 map
Other physical details parchment, col.
Dimensions 48 x 60 cm.
500 ## - GENERAL NOTE
General note Inset gives references to land utilisation.
500 ## - GENERAL NOTE
General note Nicholas Smith, Script.
500 ## - GENERAL NOTE
General note Surveyed by Alexander Stevenson
651 4# - SUBJECT ADDED ENTRY--GEOGRAPHIC NAME
Geographic name Jamaica
690 ## - LOCAL SUBJECT ADDED ENTRY--TOPICAL TERM (OCLC, RLIN)
Topical term or geographic name as entry element ENVIRONMENTAL AND LAND CONSULTANCY-GEOMATICS-MAPPING AND POSITIONING-CARTOGRAPHY
942 ## - ADDED ENTRY ELEMENTS (KOHA)
Suppress in OPAC 0
Holdings
Withdrawn status Lost status Source of classification or shelving scheme Damaged status Not for loan Home library Current library Shelving location Date acquired Total Checkouts Full call number Barcode Date last seen Copy number Price effective from Koha item type
    Dewey Decimal Classification     Historic collection Historic collection Historic collection 19/09/2007   MAP CABINET DRAWER 9 140353-2001 06/08/2019 1 06/08/2019 Archive